000 01062cad a22002295a 4500
001 L158107
008 140611s2014 xxk f 000 0 eng d
020 _a9781783210503
035 _a(Sirsi) u158107
041 0 _aeng
100 1 _aWilliams, Dominic
110 2 _aRoyal Institution of Chartered Surveyors
_94900
245 0 0 _aHigh streets
_badapting to change
_h[electronic resource]
260 _aLondon
_cRICS
_b2014
520 _aAddresses the factors behind the decline of retailing on the high street and in town centres. Suggests some possible solutions for the future of these buildings in terms of retail and beyond retail including alternative uses such as residential.
520 _aOUT OF DATE ARCHIVED 23 DECEMBER 2016
590 _aKA
651 4 _aEngland and Wales
_y1543-
690 _aCommercial property
_96227
856 4 0 _uhttps://www.rics.org/uk/knowledge/professional-guidance/information-papers/high-streets-adapting-to-change-1st-edition/
_zView the item free of charge (member-only content) from the www.rics.org
942 _n0
999 _c115146
_d115146